[Event "Ambalangoda Dhamso op 2nd"]
[Site "Ambalangoda"]
[Date "2012.04.20"]
[Round "3"]
[White "Ariyaratne, HBI"]
[Black "Peiris, TSS"]
[Result "1/2-1/2"]
[WhiteElo "1675"]
[BlackElo "2034"]
[PlyCount "30"]
[EventDate "2012.04.19"]
[EventType "swiss"]
[EventRounds "9"]
[EventCountry "SRI"]
[SourceTitle "CBM 148 Extra"]
[Source "ChessBase"]
[SourceDate "2012.06.22"]
[SourceVersion "1"]
[SourceVersionDate "2012.06.22"]
[SourceQuality "1"]

1. Nf3 Nf6 2. d4 d5 3. c4 e6 4. Nc3 c6 5. e3 Bd6 6. c5 Bc7 7. a3 Nbd7 8. Bd3 e5 9. Bc2 e4 10. Nd2 0-0 11. 0-0 Re8 12. f3 Nf8 13. fxe4 dxe4 14. Ndxe4 Nxe4 15. Nxe4 f5 1/2-1/2